Особенности разрушения теплозащитных покрытий SiALN, подвергнутых термоциклированию; Перспективы развития фундаментальных наук

Bibliographic Details
Parent link:Перспективы развития фундаментальных наук.— 2012.— [С. 55-57]
Main Author: Гайнутдинова Ю. И.
Corporate Author: Российская академия наук (РАН) Сибирское отделение (СО) Институт физики прочности и материаловедения (ИФПМ)
Other Authors: Панин А. В. (научный руководитель)
Summary:Заглавие с экрана
The mechanisms of cracking and subsequent delamination of the coatings under thermal cycling, are revealed. It is shown that during thermal cycling of SiAlN coatings, deposited on the initial substrate, occurs cracking of coatings and growth of silicides by means of uphill diffusion of copper atoms. Nanostructuring of the surface layers of the Cu substrate by means of ion-beam treatments leads to increasing of coating adhesion and prevent diffusion Cu atoms from substrate to coating.
Language:Russian
Published: 2012
Series:Физика
Subjects:
Online Access:http://www.lib.tpu.ru/fulltext/c/2012/C21/014.pdf
Format: Electronic Book Chapter
KOHA link:https://koha.lib.tpu.ru/cgi-bin/koha/opac-detail.pl?biblionumber=236292

MARC

LEADER 00000nla2a2200000 4500
001 236292
005 20260414143339.0
035 |a (RuTPU)RU\TPU\book\257452 
035 |a RU\TPU\book\257440 
090 |a 236292 
100 |a 20130422d2012 k y0rusy50 ca 
101 0 |a rus 
102 |a RU 
135 |a drcn ---uucaa 
181 0 |a i  
182 0 |a b 
200 1 |a Особенности разрушения теплозащитных покрытий SiALN, подвергнутых термоциклированию  |f Ю. И. Гайнутдинова  |g науч. рук. А. В. Панин  |d Featuares of fracture of SiALN heat-resistant coatings subjected to thermocycling 
203 |a Текст  |c электронный 
215 |a 1 файл(409 Кб) 
225 1 |a Физика 
300 |a Заглавие с экрана 
330 |a The mechanisms of cracking and subsequent delamination of the coatings under thermal cycling, are revealed. It is shown that during thermal cycling of SiAlN coatings, deposited on the initial substrate, occurs cracking of coatings and growth of silicides by means of uphill diffusion of copper atoms. Nanostructuring of the surface layers of the Cu substrate by means of ion-beam treatments leads to increasing of coating adhesion and prevent diffusion Cu atoms from substrate to coating. 
337 |a Adobe Reader 
463 1 |0 (RuTPU)RU\TPU\book\256864  |t Перспективы развития фундаментальных наук  |o сборник научных трудов IX Международной конференция студентов и молодых ученых, г. Томск, 24-27 апреля 2012 г.  |f Национальный исследовательский Томский политехнический университет (ТПУ)  |v [С. 55-57]  |l Prospects of fundamental sciences development  |d 2012 
510 1 |a Featuares of fracture of SiALN heat-resistant coatings subjected to thermocycling  |z eng 
610 1 |a электронный ресурс 
610 1 |a труды учёных ТПУ 
610 1 |a особенности 
610 1 |a разрушение 
610 1 |a теплозащитные покрытия 
610 1 |a термоциклирование 
610 1 |a медь 
610 1 |a кремний 
610 1 |a алюминий 
700 1 |a Гайнутдинова  |b Ю. И. 
702 1 |a Панин  |b А. В.  |4 727 
712 0 2 |a Российская академия наук (РАН)  |b Сибирское отделение (СО)  |b Институт физики прочности и материаловедения (ИФПМ)  |c (Томск)  |3 (RuTPU)RU\TPU\col\265 
801 1 |a RU  |b 63413507  |c 20101016 
801 2 |a RU  |b 63413507  |c 20131016  |g RCR 
856 4 |u http://www.lib.tpu.ru/fulltext/c/2012/C21/014.pdf 
942 |c CF